| 000 | 019800000a22002050004500 | ||
|---|---|---|---|
| 001 | 14695 | ||
| 020 | _a978-84-8267-513-8 | ||
| 041 | 0 | _aSPA | |
| 082 | 0 | 4 | _aG 261.58 M7539s |
| 100 | 1 | _aMonroy, Juan Antonio | |
| 245 | 1 | 0 | _aEl sueño de la razón : Una radiografía al alma de escritores famosos / Juan Antonio Monroy |
| 260 | _aBarcelona : CLIE | ||
| 300 | _a297 Pág. | ||
| 440 | 0 | _aColección Pensamiento Cristiano V. 18 | |
| 505 | 0 | 0 | _aPrimera Parte I. Gabriel García Márquez: Dios existe en Macondo II. Federico García Lorca: El tiempo y la eternidad. III. Juan Ramón Jiménez: A Cristo por la palabra. IV. Gerardo Diego: Todos los muertos son iguales. Segunda Parte. I. Miguel de Unamuno: El desgarro interior de San Manuel Bueno. II. Miguel Hernández: El poco aire de los sagrarios. III. Dámaso Alonso: A Dios por la poesía. IV. Antonio Machado: La España de charanga y pandereta. V. San Juan de la Cruz: La noche oscura del alma. VI. Fray Luis de León: Cristo en el Cantar de los Cantares VII. Rosalía de Castro: La búsqueda de Dios VIII. Alejandro Casona: La Biblia en el teatro. IX. Benito Pérez Galdós: Los caminos de la salvación. X. José Echegaray: Los tormentos de la duda XI. Javier Zubiri: Religados a Dios XII. Manuel Azaña: El problema religioso en España XIII. Angel Ganivet: Carácter del cristianismo español. XIV. Hermann Hesse: El hombre estepario. XV. Sigmund Freud: La fuerza del ideal XVI. Stephen Hawking: El origen del universo XVII. Graham Greene: En busca del misterio XVIII. Leon Tolstoi: La crisis espiritual XIX. Rabindranath Tagore: Las playas de la eternidad. XX. Albert Camus: Más allá del absurdo y la nada XXI. Jean Paul Sartre: Frio en el alma XXII. Víctor Hugo: Anticlericalismo y fe XXIII. Denis Diderot: Creencia y ateísmo. XXIV. Angel Vásquez: La soledad del ser humano |
| 942 | _cBK | ||
| 999 |
_c43544 _d43544 |
||
| 336 |
_atexto _btxt _2rdacontent |
||
| 337 |
_2rdamedia _asin mediación _bn |
||
| 338 |
_2rdacarrier _avolumen _bnc |
||